Joaquín Sorolla (Record no. 543)

MARC details
000 -CABECERA
campo de control de longitud fija 00788nam a2200229 a 4500
001 - NÚMERO DE CONTROL
campo de control BRCA_617
005 - FECHA Y HORA DE LA ÚLTIMA TRANSACCIÓN
campo de control 20190320203103.0
008 - DATOS DE LONGITUD FIJA--INFORMACIÓN GENERAL
campo de control de longitud fija 021029s2001 sp-#---###---#000-0#spa-d
020 ## - NÚMERO INTERNACIONAL ESTÁNDAR DEL LIBRO
Número Internacional Estándar del Libro 8493003026
040 ## - FUENTE DE LA CATALOGACIÓN
Centro catalogador/agencia de origen DLC
Centro/agencia transcriptor DLC
050 #4 - SIGNATURA TOPOGRÁFICA DE LA BIBLIOTECA DEL CONGRESO
Número de clasificación ND813.S6
Número de documento/Ítem .P66 2001
100 1# - ENTRADA PRINCIPAL--NOMBRE DE PERSONA
Nombre de persona Pons-Sorolla, Blanca
Fechas asociadas al nombre 1863-1923
9 (RLIN) 2108
245 10 - MENCIÓN DE TÍTULO
Título Joaquín Sorolla
Resto del título vida y obra
Mención de responsabilidad, etc. Blanca Pons-Sorolla.
260 ## - PUBLICACIÓN, DISTRIBUCIÓN, ETC.
Lugar de publicación, distribución, etc. [Madrid]
Nombre del editor, distribuidor, etc. Fundación de Apoyo a la Historia del Arte Hispánico
Fecha de publicación, distribución, etc. [2001]
300 ## - DESCRIPCIÓN FÍSICA
Extensión 750 p.
Otras características físicas il. (algunas a color)
Dimensiones 31 cm.
500 ## - NOTA GENERAL
Nota general Incluye índice onomástico
504 ## - NOTA DE BIBLIOGRAFÍA, ETC.
Nota de bibliografía, etc. Bibliografía: p. 605-703
600 14 - PUNTO DE ACCESO ADICIONAL DE MATERIA--NOMBRE DE PERSONA
Nombre de persona Sorolla, Joaquín
Fechas asociadas al nombre 1863-1923
Subdivisión de forma Biografías
9 (RLIN) 2109
650 14 - PUNTO DE ACCESO ADICIONAL DE MATERIA--TÉRMINO DE MATERIA
Término de materia o nombre geográfico como elemento de entrada Pintura moderna
Subdivisión geográfica España
9 (RLIN) 2110
650 14 - PUNTO DE ACCESO ADICIONAL DE MATERIA--TÉRMINO DE MATERIA
Término de materia o nombre geográfico como elemento de entrada Pintores modernos
Subdivisión de forma Biografías
Subdivisión geográfica España
9 (RLIN) 2111
942 ## - ELEMENTOS DE PUNTO DE ACCESO ADICIONAL (KOHA)
Fuente del sistema de clasificación o colocación Library of Congress Classification
Tipo de ítem Koha Libros
Holdings
Estado de retiro Estado de pérdida Estado dañado No para préstamo Localización permanente Ubicación/localización actual Fecha de adquisición Total de préstamos Signatura topográfica completa Código de barras Fecha visto por última vez Precio válido a partir de Tipo de ítem Koha
El ejemplar forma parte de la colección y puede ser consultado según las políticas vigentes.       Biblioteca del Museo Franz Mayer (Rogerio Casas-Alatriste) Biblioteca del Museo Franz Mayer (Rogerio Casas-Alatriste) 25/06/2008   ND813.S6 .P66 2001 00946 22/03/2019 22/03/2019 Libros